000 00824nac a22002417a 4500
001 BR6005407
003 BR-BrBNA
005 20240105113126.0
008 230509b bl.|||m| |||| 00| 0 por d
040 _aBR-BrBNA
_bpor
_cBiblioteca Nacional de Agricultura
072 _aL30
090 _a5214 BR6005407
110 1 _aPlano de Melhoramento da Alimentacao e do Manejo do Gado Leiteiro, Rio de Janeiro, GB (Brasil)
_97815
245 1 _aAlimentacao do Gado Leiteiro
260 3 _aRio de Janeiro, GB (Brasil):
_c1964.
300 _a36 p.
490 _aCadernos Leiteiros - Plano de Melhoramento da Alimentacao e do Manejo do Gado Leiteiro (Brazil)
_vno. 1
_x
500 _a9 tables
650 _aNUTRICAO ANIMAL
650 _aGADO LEITEIRO
909 _a202312
_bLúcia Elande
_c55
_dLúcia Elande
942 _2AGRIS
_n0
_cMS
999 _c262028
_d262028